Enhancing thinking skills in the sciences and mathematics / (Record no. 5370)

MARC details
000 -LEADER
fixed length control field 01261cam a2200325 a 4500
001 - CONTROL NUMBER
control field 1543589
003 - CONTROL NUMBER IDENTIFIER
control field SUN
005 - DATE AND TIME OF LATEST TRANSACTION
control field 20181001150610.0
008 - FIXED-LENGTH DATA ELEMENTS--GENERAL INFORMATION
fixed length control field 910816s1992 njua b 001 0 eng
010 ## - LIBRARY OF CONGRESS CONTROL NUMBER
LC control number 91031954
020 ## - INTERNATIONAL STANDARD BOOK NUMBER
International Standard Book Number 0805810528 (cloth)
020 ## - INTERNATIONAL STANDARD BOOK NUMBER
International Standard Book Number 0805810536 (paper)
040 ## - CATALOGING SOURCE
Original cataloging agency DLC
Transcribing agency sunlib
Modifying agency DLC
050 00 - LIBRARY OF CONGRESS CALL NUMBER
Classification number Q181
Item number .E633 1992
082 00 - DEWEY DECIMAL CLASSIFICATION NUMBER
Classification number 501.9/
Edition number 20
Item number HAL
100 ## - MAIN ENTRY--PERSONAL NAME
Personal name edited by Diane F. Halpern
9 (RLIN) 14505
245 00 - TITLE STATEMENT
Title Enhancing thinking skills in the sciences and mathematics /
Statement of responsibility, etc. edited by Diane F. Halpern.
260 ## - PUBLICATION, DISTRIBUTION, ETC.
Place of publication, distribution, etc. Hillsdale, N.J. :
Name of publisher, distributor, etc. L. Erlbaum Associates,
Date of publication, distribution, etc. c1992.
300 ## - PHYSICAL DESCRIPTION
Extent ix, 155 p. :
Other physical details ill. ;
Dimensions 24 cm.
504 ## - BIBLIOGRAPHY, ETC. NOTE
Bibliography, etc. note Includes bibliographical references (p. 135-143) and indexes.
650 #0 - SUBJECT ADDED ENTRY--TOPICAL TERM
Topical term or geographic name entry element Science
General subdivision Study and teaching.
9 (RLIN) 4191
650 #0 - SUBJECT ADDED ENTRY--TOPICAL TERM
Topical term or geographic name entry element Mathematics
General subdivision Study and teaching.
9 (RLIN) 14506
650 #0 - SUBJECT ADDED ENTRY--TOPICAL TERM
Topical term or geographic name entry element Creative thinking.
9 (RLIN) 14507
650 #0 - SUBJECT ADDED ENTRY--TOPICAL TERM
Topical term or geographic name entry element Cognition.
9 (RLIN) 6047
700 1# - ADDED ENTRY--PERSONAL NAME
Personal name Halpern, Diane F.
9 (RLIN) 7647
856 42 - ELECTRONIC LOCATION AND ACCESS
Materials specified Publisher description
Uniform Resource Identifier <a href="http://www.loc.gov/catdir/enhancements/fy0745/91031954-d.html">http://www.loc.gov/catdir/enhancements/fy0745/91031954-d.html</a>
906 ## - LOCAL DATA ELEMENT F, LDF (RLIN)
a 7
b cbc
c orignew
d 1
e ocip
f 19
g y-gencatlg
942 ## - ADDED ENTRY ELEMENTS (KOHA)
Source of classification or shelving scheme Dewey Decimal Classification
Koha item type Books
Holdings
Withdrawn status Lost status Source of classification or shelving scheme Damaged status Not for loan Collection code Home library Current library Shelving location Date acquired Total Checkouts Full call number Barcode Date last seen Price effective from Koha item type
    Dewey Decimal Classification     Text Books SUN - Main Library SUN - Main Library General Shelves 10/01/2018   501.9/ HAL 2018-6715 10/01/2018 10/01/2018 Books
Soroti University Library | Email: eresources@sun.ac.ug | P. O. Box 211, Soroti, Uganda.| © 2019 – 2023. All rights reserved.